Strike the original match / (Record no. 2722)

MARC details
000 -LEADER
fixed length control field 00670cam a2200241 i 4500
001 - CONTROL NUMBER
control field 1826330
003 - CONTROL NUMBER IDENTIFIER
control field GBCCL
005 - DATE AND TIME OF LATEST TRANSACTION
control field 20241126110437.0
008 - FIXED-LENGTH DATA ELEMENTS--GENERAL INFORMATION
fixed length control field 800501s1980 oru 000 0 eng
010 ## -
-- 80015639
020 ## - INTERNATIONAL STANDARD BOOK NUMBER
International Standard Book Number 0930014367
020 ## - INTERNATIONAL STANDARD BOOK NUMBER
International Standard Book Number 0930014375 (pbk.)
040 ## - CATALOGING SOURCE
Original cataloging agency DLC
Transcribing agency DLC
Modifying agency DLC
050 00 -
-- BV835
-- .S95
082 00 - DEWEY DECIMAL CLASSIFICATION NUMBER
Classification number 248.844
Edition information 20
Item number SWI
100 1# - MAIN ENTRY--PERSONAL NAME
Personal name Swindoll, Charles R.
9 (RLIN) 1487
245 10 - TITLE STATEMENT
Title Strike the original match /
Statement of responsibility, etc. Charles R. Swindoll.
260 ## - PUBLICATION, DISTRIBUTION, ETC.
Place of publication, distribution, etc. Portland, Or. :
Name of publisher, distributor, etc. Multnomah Press,
Date of publication, distribution, etc. c1980.
300 ## - PHYSICAL DESCRIPTION
Extent 196 p. ;
Dimensions 23 cm.
650 #0 - SUBJECT ADDED ENTRY--TOPICAL TERM
Topical term or geographic name entry element Marriage.
9 (RLIN) 2123
906 ## - LOCAL DATA ELEMENT F, LDF (RLIN)
a 7
b cbc
c orignew
d u
e ocip
f 19
g y-gencatlg
942 ## - ADDED ENTRY ELEMENTS (KOHA)
Source of classification or shelving scheme Dewey Decimal Classification
Koha item type Books
Koha issues (borrowed), all copies 4
Holdings
Withdrawn status Lost status Source of classification or shelving scheme Damaged status Not for loan Home library Current Library Shelving location Date acquired Total checkouts Full call number Barcode Date last seen Date last checked out Copy number Price effective from Koha item type
    Dewey Decimal Classification     GRACE BIBLE COLLEGE GRACE BIBLE COLLEGE Ministry & Mission 2017-09-13 4 248.844 SWI 008217 2025-05-01 2023-09-21 c.1 2017-09-13 Books
    Dewey Decimal Classification     GRACE BIBLE COLLEGE GRACE BIBLE COLLEGE Ministry & Mission 2017-11-30   248.844 SWI 008218 2025-05-01   c.2 2017-11-30 Books
© Grace Bible College Library 2025